03044cam a2200385Ii 4500001001200000003000900012005001700021008004100038020001800079040008100097043002100178082002000199100003500219240005100254245012800305264007000433300002800503336002600531337002800557338002700585500002000612505045600632520113401088546003202222600002602254650004302280650004802323650003402371653002502405655001702430700003902447942001202486999001702498952014302515om184234456EG-ScBUE20260218150357.0180817s2019 ua f 001 0 eng d a9789774169069 aYDXbengerdacYDXdBDXdOCLCQdYDXITdOCLCFdCBYdVT2dOCLCOdOCLdEG-ScBUE ae-fr---aaw-----04a070.92222bROU1 aRouleau, Eric,d1926-eauthor.10aDans les coulisses du Proche-Orient.lEnglish.10aTruths and lies in the Middle East :bmemoirs of a veteran journalist, 1952-2012 /cEric Rouleau ; foreword by Alain Gresh. 1aCairo ;aNew YorkbThe American University in Cairo Press,c2019. axix, 326 pages ;c24 cm atextbtxt2rdacontent aunmediatedbn2rdamedia avolumebnc2rdacarrier aIncludes index.0 aAcknowledgments -- Foreword: Éric Rouleau's empire / Alain Gresh-- Introduction -- Gamal Abd al-Nasser -- Egypt to the Egyptians -- The indispensable Torah -- My brother Ishmael -- The "Prussians" win out over the "Jews" -- The six-hour war -- The "liberal" occupation -- The survivor -- Missing peace -- The end of an era -- "De-Nasserization" -- War and diplomacy -- Lost illusions -- Update and renewal -- The Oslo deadlock -- Cassandra -- Index. aEric Rouleau was one of the most celebrated journalists of his generation, a status he owed to his extraordinary career, which began when Hubert Beuve-Méry, director of Le Monde, charged him with covering the Near and Middle East. In 1963, Rouleau was invited by Gamal Abd al-Nasser to interview him in Cairo, a move which was not lost on the young Rouleau--going through him, a young Egyptian Jew who had been exiled from Egypt in late 1951, shortly before the Free Officers coup, was a means to renew diplomatic ties with de Gaulle's France. This exclusive interview, which immediately made headlines around the world, propelled Rouleau into the center of the region's conflicts for two decades. Writing between Cairo and Jerusalem, Rouleau was a chief witness to the wars of 1967 and 1973, narrating their events from behind the scenes. He was to meet all the major players, including Nasser, Levi Ashkol, Moshe Dayan, Golda Meir, Yasser Arafat, Ariel Sharon, and Anwar Sadat, painting striking portraits of each. More than a memoir, his book presents a history, lived from the inside, of the Israel-Palestine conflict. aTranslated from the French.17aRouleau, Eric,d1926- 7aJournalistszFrancevBiography.2BUEsh 7aJournalistszMiddle EastvBiography.2BUEsh 7aArab-Israeli conflict.2BUEsh cFebruary2026bCOMAME vReading book1 aGresh, Alain,ewriter of foreword. 2ddccBB c31146d31117 00102ddc40708AUCaMAINbMAINcLOWd2026-02-18ePurchaseg760.00l0o070.92 ROUp000057553r2026-02-18 00:00:00v950.00w2026-02-18yBB